[Event "HUN-chT2 Asztalos 0708"]
[Site "Hungary"]
[Date "2008.05.18"]
[Round "11"]
[White "Gyorke, Zoltan"]
[Black "Nemeth, Attila Janos"]
[Result "1/2-1/2"]
[WhiteElo "2120"]
[BlackElo "2062"]
[PlyCount "120"]
[EventDate "2007.10.14"]
[EventType "team"]
[EventRounds "11"]
[EventCountry "HUN"]
[SourceTitle "EXT 2009"]
[Source "ChessBase"]
[SourceDate "2008.11.26"]
[SourceVersion "1"]
[SourceVersionDate "2008.11.26"]
[SourceQuality "1"]
[WhiteTeam "Komlo Banyasz"]
[BlackTeam "Pannonpower II"]
[WhiteTeamCountry "HUN"]
[BlackTeamCountry "HUN"]

1. d4 Nf6 2. c4 e6 3. Nc3 Bb4 4. Bd2 0-0 5. Nf3 d6 6. a3 Bxc3 7. Bxc3 Ne4 8. Qc2 f5 9. e3 b6 10. Bd3 Bb7 11. Bxe4 Bxe4 12. Qe2 Nd7 13. 0-0 Qe8 14. Nd2 Qg6 15. f3 Bb7 16. e4 Rae8 17. e5 dxe5 18. dxe5 f4 19. Rad1 Rf7 20. Nb3 a5 21. Nd4 c6 22. b4 axb4 23. axb4 Ra8 24. Ra1 Rff8 25. Nb3 c5 26. Rfd1 Rxa1 27. Rxa1 cxb4 28. Bxb4 Rc8 29. Nd4 Ra8 30. Rxa8+ Bxa8 31. Bd6 Qb1+ 32. Kf2 Kf7 33. Qc2 Qa1 34. Nb3 Qa4 35. Nd4 Qxc2+ 36. Nxc2 Bc6 37. Nd4 Ba4 38. g3 fxg3+ 39. hxg3 g5 40. Ke3 Nc5 41. Bxc5 bxc5 42. Ne2 Bb3 43. Kd3 Bd1 44. Ng1 Kg6 45. Kd2 Bb3 46. Kc3 Ba4 47. g4 h5 48. gxh5+ Kxh5 49. Ne2 Bc6 50. Ng1 Kg6 51. Kd3 Kf5 52. Ke3 Kxe5 53. Nh3 Kf5 54. Nf2 Bb7 55. Nd3 Ba6 56. Nxc5 Bxc4 57. Ne4 Bd5 58. Nf2 e5 59. Nd3 Bxf3 60. Nxe5 Kxe5 1/2-1/2